Rosa Hellas Verona (2017/2018) - Statistics

Statistiche generali
  • Questo quiz è stato fatto 35 volte
  • Il punteggio medio è 8 su 22
Statistiche sulle risposte
NAZIONALITA' GIOCATORE % Corretto
Italia Pazzini
62%
Uruguay Caceres
58%
Brasile Nicolas
58%
Italia/Brasile Romulo
58%
Francia Souprayen
54%
Liechenstein Buchel
50%
Italia Kean
50%
Italia Silvestri
46%
Italia Bessa
42%
Algeria Fares
38%
Italia Zaccagni
38%
Argentina Zuculini
38%
Italia Caracciolo
35%
Italia Cerci
35%
Corea del Sud Seung-Woo
31%
Italia Ferrari
27%
Italia Fossati
27%
Francia Heurtaux
27%
Italia Bianchetti
19%
Italia Bearzotti
15%
Italia Verde
15%
Italia Valoti
12%
Nessun quiz corrispondente trovato
Distribuzione punteggi
Percentuale di utenti per punteggio
Percentile per numero di risposta
I tuoi punteggi nel tempo
Non hai fatto questo quiz